Texto y examen crítico de las constituciones federales de los Estados Unidos, Suiza y Alemania (Record no. 68510)

MARC details
000 -LEADER
campo de control de longitud fija 00987nam a2200217 i 4500
001 - NÚMERO DE CONTROL
campo de control 68510
003 - IDENTIFICADOR DE NÚMERO DE CONTROL
campo de control ES-MaACL
005 - FECHA Y HORA DE LA ÚLTIMA TRANSACCIÓN
campo de control 20250830103044.0
007 - CAMPO FIJO DE DESCRIPCIÓN FÍSICA--INFORMACIÓN GENERAL
campo de control de longitud fija t|
008 - DATOS DE LONGITUD FIJA--INFORMACIÓN GENERAL
campo de control de longitud fija 960806s1881 sp |||| | spa d
100 1# - ENTRADA PRINCIPAL--NOMBRE DE PERSONA
Nombre de persona García Moreno, A.
9 (RLIN) 54997
245 10 - MENCIÓN DEL TÍTULO
Título Texto y examen crítico de las constituciones federales de los Estados Unidos, Suiza y Alemania
Resto del título : con los dos proyectos presentados a las Cortes Constituyentes de la República Española en 1873 /
Mención de responsabilidad, etc. comparadas entre sí y anotadas por A. García Moreno y destinadas principalmente a los suscriptores de Las Nacionalidades.
260 ## - PUBLICACIÓN, DISTRIBUCIÓN, ETC.
Lugar de publicación, distribución, etc. Madrid :
Nombre del editor, distribuidor, etc. Góngora,
Fecha de publicación, distribución, etc. 1881 (
Fabricante Est. tip de Góngora y Cía.)
300 ## - DESCRIPCIÓN FÍSICA
Extensión 207 p. ;
Dimensiones 23 cm.
610 17 - PUNTO DE ACCESO ADICIONAL DE MATERIA--NOMBRE DE ENTIDAD CORPORATIVA
Nombre de entidad corporativa o nombre de jurisdicción como elemento de entrada Estados Unidos.
Título de la obra Constitution
Fuente del encabezamiento o término
9 (RLIN) 147980
610 14 - PUNTO DE ACCESO ADICIONAL DE MATERIA--NOMBRE DE ENTIDAD CORPORATIVA
Nombre de entidad corporativa o nombre de jurisdicción como elemento de entrada Suiza.
Título de la obra Constitution, 1848.
9 (RLIN) 167535
650 #4 - PUNTO DE ACCESO ADICIONAL DE MATERIA--TÉRMINO DE MATERIA
Término de materia o nombre geográfico como elemento de entrada Derecho constitucional-
Subdivisión geográfica Alemania.
9 (RLIN) 167536
650 #4 - PUNTO DE ACCESO ADICIONAL DE MATERIA--TÉRMINO DE MATERIA
Término de materia o nombre geográfico como elemento de entrada Derecho constitucional-
Subdivisión geográfica España
9 (RLIN) 11682
852 ## - LOCALIZACIÓN
Ubicación ES-MaACL
Número de control de estantería T-550-F-1
Holdings
Estatus retirado Estado de pérdida Estado de daño No para préstamo Colección Biblioteca de origen Biblioteca actual Ubicación en estantería Fecha de adquisición Fuente de adquisición Total de préstamos Signatura topográfica completa Código de barras Visto por última vez Precio de reemplazo Tipo de ítem Koha
        Colección de folletos Biblioteca del Ateneo de Madrid Biblioteca del Ateneo de Madrid Depósito folletos 17/01/2008     T-550-F-1 1071720 23/02/2023 23/02/2023 Folleto